000
00264nam a2200109Ia 4500
008
230907s9999||||xx |||||||||||||| ||und||
082
_a
330.015195
_b
GRE
245
0
_a
Econometric analysis /
260
_a
Pearson,
_b
Noida :
_c
2019
300
_a
1126 p.
942
_c
BK
999
_c
600249
_d
600249